[Event "VI Weekend U16"]
[Site "Porto Sant'Elpidio ITA"]
[Date "2003.11.15"]
[Round "1"]
[White "Ramaioli, Nicolas"]
[Black "Cavatassi, Alessio"]
[Result "0-1"]
[WhiteElo "1500"]
[BlackElo "1549"]
[PlyCount "32"]
[EventDate "2003.11.15"]

1. e4 e6 2. d4 d5 3. e5 c5 4. Nf3 Nc6 5. c4 dxc4 6. Bxc4 cxd4 7. O-O f6 8. Re1
Bc5 9. exf6 Qxf6 10. Bg5 Qf7 11. Ne5 Nxe5 12. Rxe5 Bb6 13. Bb5+ Kf8 14. Qb3 d3
15. Bxd3 Qxf2+ 16. Kh1 Qg1# 0-1

[Event "VI Weekend U16"]
[Site "Porto Sant'Elpidio ITA"]
[Date "2003.11.15"]
[Round "1"]
[White "Rastelli, Riccardo"]
[Black "Ivaldi, Matteo"]
[Result "1-0"]
[WhiteElo "1609"]
[BlackElo "1519"]
[PlyCount "67"]
[EventDate "2003.11.15"]

1. d4 d5 2. c4 dxc4 3. e3 Nf6 4. Nc3 Be6 5. e4 c6 6. a4 g6 7. f4 Nh5 8. Be2 Ng7
9. Be3 f5 10. d5 cxd5 11. exd5 Bf7 12. Bxc4 e6 13. Bb5+ Nd7 14. d6 a6 15. Bxd7+
Qxd7 16. Bc5 Rc8 17. Qd4 Qc6 18. Rd1 Rd8 19. Nf3 Rg8 20. O-O b6 21. Ba3 Be7 22.
Ne5 Qb7 23. d7+ Kf8 24. Bxe7+ Kxe7 25. Qd6+ Kf6 26. Nd5+ Qxd5 27. Rxd5 Nh5 28.
Nf3 Rg7 29. Qe5+ Ke7 30. g4 Rxd7 31. Rxd7+ Kxd7 32. Rd1+ Ke7 33. Qd6+ Kf6 34.
Qd8# 1-0

[Event "VI Weekend U16"]
[Site "Porto Sant'Elpidio ITA"]
[Date "2003.11.15"]
[Round "1"]
[White "Rubini, Matteo"]
[Black "Francalancia, Mariachiara"]
[Result "1-0"]
[WhiteElo "1543"]
[BlackElo "1443"]
[PlyCount "75"]
[EventDate "2003.11.15"]

1. d4 Nf6 2. c4 g6 3. Nc3 Bg7 4. Nf3 d6 5. Bg5 O-O 6. e3 a6 7. Be2 b5 8. a3 Bb7
9. cxb5 axb5 10. Nxb5 c5 11. O-O Nc6 12. dxc5 dxc5 13. Qc2 Na7 14. Nxa7 Rxa7
15. Rfd1 Qc7 16. Rac1 Ra5 17. Qd3 Nd5 18. b4 Raa8 19. Rxc5 Qd6 20. Qb3 e6 21.
e4 h6 22. Bh4 Rfc8 23. exd5 Rxc5 24. bxc5 Qxc5 25. Qxb7 Rxa3 26. d6 Ra2 27. Qb5
Qa7 28. d7 Rxe2 29. Qxe2 Qa8 30. d8=R+ Qxd8 31. Rxd8+ Kh7 32. Be7 e5 33. Nxe5
h5 34. Bf8 Bxf8 35. Rxf8 f6 36. Rxf6 Kh6 37. Rxg6+ Kh7 38. Qxh5# 1-0

[Event "VI Weekend U16"]
[Site "Porto Sant'Elpidio ITA"]
[Date "2003.11.16"]
[Round "2"]
[White "Cavatassi, Alessio"]
[Black "Rastelli, Riccardo"]
[Result "1/2-1/2"]
[WhiteElo "1549"]
[BlackElo "1609"]
[PlyCount "59"]
[EventDate "2003.11.15"]

1. d4 d5 2. c4 e6 3. Nc3 Nf6 4. Bg5 Nbd7 5. Nf3 Be7 6. e3 O-O 7. Bd3 c6 8. a4
Qc7 9. O-O Rd8 10. Rc1 h6 11. Bh4 Re8 12. cxd5 exd5 13. Bf5 Nf8 14. Bxc8 Raxc8
15. Bxf6 Bxf6 16. Nxd5 Qd6 17. Nxf6+ Qxf6 18. Qb3 Re7 19. Rfe1 Rce8 20. Qc3 Nd7
21. Qa5 a6 22. Qb4 Nf8 23. Qc3 Ng6 24. Qc2 Nh4 25. Nxh4 Qxh4 26. Rcd1 Re4 27.
Qd2 Qg5 28. Rc1 f5 29. Rc5 Qf6 30. f4 1/2-1/2

[Event "VI Weekend U16"]
[Site "Porto Sant'Elpidio ITA"]
[Date "2003.11.16"]
[Round "2"]
[White "Gasparroni, Daniele"]
[Black "Rubini, Matteo"]
[Result "1-0"]
[WhiteElo "1645"]
[BlackElo "1543"]
[PlyCount "45"]
[EventDate "2003.11.15"]

1. Nf3 d5 2. d4 e6 3. e3 c5 4. Bd3 Nc6 5. O-O Nf6 6. b3 Bd6 7. Bb2 cxd4 8. exd4
O-O 9. c4 dxc4 10. bxc4 Bb4 11. a3 Be7 12. Nc3 g6 13. Qe2 Nxd4 14. Nxd4 Qxd4
15. Nd5 Qc5 16. Nxf6+ Bxf6 17. Bxf6 e5 18. Qxe5 Qc6 19. Be4 Qxc4 20. Bh8 f6 21.
Bxf6 Rxf6 22. Bd5+ Re6 23. Bxc4 1-0

[Event "VI Weekend U16"]
[Site "Porto Sant'Elpidio ITA"]
[Date "2003.11.16"]
[Round "2"]
[White "Gasparroni, Riccardo"]
[Black "Gianfelici, Edoardo"]
[Result "0-1"]
[WhiteElo "1614"]
[BlackElo "1606"]
[PlyCount "42"]
[EventDate "2003.11.15"]

1. g3 Nf6 2. Bg2 g6 3. b3 Bg7 4. Bb2 O-O 5. Nc3 d6 6. d3 c5 7. e4 Nc6 8. f4 Ng4
9. Qd2 Bd4 10. Nd1 Qb6 11. c3 Bxg1 12. Rxg1 c4 13. d4 cxb3 14. h3 Nf6 15. g4 e5
16. f5 exd4 17. cxd4 d5 18. e5 Nxe5 19. dxe5 Qxg1+ 20. Bf1 Ne4 21. Qxd5 Ng3 0-1

[Event "VI Weekend U16"]
[Site "Porto Sant'Elpidio ITA"]
[Date "2003.11.16"]
[Round "2"]
[White "Ivaldi, Matteo"]
[Black "Ramaioli, Nicolas"]
[Result "1/2-1/2"]
[WhiteElo "1519"]
[BlackElo "1500"]
[PlyCount "115"]
[EventDate "2003.11.15"]

1. d4 d5 2. Nf3 Nf6 3. Bf4 g6 4. e3 Bg7 5. Bd3 Bg4 6. Nbd2 Nbd7 7. h3 Bxf3 8.
Qxf3 e6 9. c4 c6 10. cxd5 cxd5 11. O-O O-O 12. Rac1 Qa5 13. e4 Qxa2 14. e5 Nh5
15. Bb5 Nxf4 16. Qxf4 Nb6 17. Rb1 a6 18. Be2 Rac8 19. Bd3 Nc4 20. Bxc4 dxc4 21.
Ne4 Rfd8 22. Qe3 Rc7 23. Nd2 Rdc8 24. Qc3 Qa4 25. Rfc1 Qc6 26. Ra1 Bh6 27. Rc2
Bxd2 28. Rxd2 b5 29. Rc2 Qb6 30. Rd1 b4 31. Qd2 c3 32. bxc3 bxc3 33. Qc1 a5 34.
Qa1 Rc4 35. Rd3 Rxd4 36. Rdxc3 Rxc3 37. Rxc3 Rf4 38. Qe1 a4 39. Ra3 Qd4 40. Qe2
Re4 41. Re3 Qa1+ 42. Kh2 Rxe3 43. Qxe3 a3 44. g3 a2 45. Qd2 Kg7 46. Qg5 Kf8 47.
Qd8+ Kg7 48. Qf6+ Kh6 49. Qf4+ Kg7 50. Qf6+ Kg8 51. Qd8+ Kg7 52. Qf6+ Kh6 53.
Qf4+ Kg7 54. Qf6+ Kf8 55. Qd8+ Kg7 56. Qf6+ Kg8 57. Qd8+ Kg7 58. Qf6+ 1/2-1/2

[Event "VI Weekend U16"]
[Site "Porto Sant'Elpidio ITA"]
[Date "2003.11.16"]
[Round "3"]
[White "Francalancia, Mariachiara"]
[Black "Gasparroni, Riccardo"]
[Result "1-0"]
[WhiteElo "1443"]
[BlackElo "1614"]
[PlyCount "129"]
[EventDate "2003.11.15"]

1. e4 e5 2. Nf3 Nc6 3. d4 exd4 4. Nxd4 Bc5 5. Be3 d6 6. Nxc6 bxc6 7. Bxc5 dxc5
8. Qxd8+ Kxd8 9. Bc4 Nh6 10. O-O f5 11. Rd1+ Ke7 12. Nc3 Rf8 13. Re1 Kf6 14.
Rad1 Rb8 15. b3 Be6 16. Bxe6 Kxe6 17. exf5+ Kxf5 18. Ne4 Rfe8 19. Ng3+ Kf6 20.
h3 Nf5 21. Rxe8 Rxe8 22. Nxf5 Kxf5 23. Rd3 Re1+ 24. Kh2 Re2 25. Rc3 Rxf2 26.
Rxc5+ Kf4 27. Rxc6 Re2 28. Rxc7 Rd2 29. Rf7+ Ke5 30. Rxg7 Rxc2 31. Rxh7 Rxa2
32. Rh5+ Kf4 33. Rc5 a5 34. Rc4+ Kg5 35. Rc5+ Kf4 36. Rc4+ Kg5 37. Rc5+ Kf4 38.
Rc4+ Ke3 39. Rc5 a4 40. bxa4 Rxa4 41. Re5+ Kf4 42. Rh5 Ra2 43. Rh8 Rb2 44. Rf8+
Kg5 45. Rg8+ Kh6 46. Rg4 Kh5 47. Rg3 Kh4 48. Rg8 Ra2 49. Rh8+ Kg5 50. h4+ Kg6
51. Kh3 Ra3+ 52. g3 Kg7 53. Rh5 Kg6 54. Rd5 Kh6 55. Rd6+ Kh5 56. Rd5+ Kh6 57.
h5 Rb3 58. Kh4 Rb4+ 59. g4 Ra4 60. Rd6+ Kh7 61. h6 Rb4 62. Kh5 Rb5+ 63. g5 Rb7
64. g6+ Kg8 65. Rd8# 1-0

[Event "VI Weekend U16"]
[Site "Porto Sant'Elpidio ITA"]
[Date "2003.11.16"]
[Round "3"]
[White "Gianfelici, Edoardo"]
[Black "Cavatassi, Alessio"]
[Result "1-0"]
[WhiteElo "1606"]
[BlackElo "1549"]
[PlyCount "53"]
[EventDate "2003.11.15"]

1. e4 e6 2. d4 d5 3. Nc3 Bb4 4. e5 c5 5. a3 Bxc3+ 6. bxc3 Ne7 7. Bd3 Qc7 8. Nf3
Nbc6 9. O-O O-O 10. a4 Ng6 11. Ba3 Re8 12. Bxc5 b6 13. Bd6 Qd7 14. Qd2 a6 15.
Rfb1 Qa7 16. Ra2 Nf8 17. Rab2 Nd7 18. Qf4 h6 19. g4 Ne7 20. Bxe7 Rxe7 21. g5
hxg5 22. Nxg5 Kf8 23. Qh4 Re8 24. Rxb6 Nxb6 25. Nh7+ Kg8 26. Nf6+ gxf6 27. exf6
1-0

[Event "VI Weekend U16"]
[Site "Porto Sant'Elpidio ITA"]
[Date "2003.11.16"]
[Round "3"]
[White "Rastelli, Riccardo"]
[Black "Gasparroni, Daniele"]
[Result "1-0"]
[WhiteElo "1609"]
[BlackElo "1645"]
[PlyCount "57"]
[EventDate "2003.11.15"]

1. d4 d5 2. c4 c6 3. Nc3 Nf6 4. Nf3 e6 5. Bg5 Nbd7 6. e3 Qa5 7. a3 Ne4 8. Qc2
Nxg5 9. Nxg5 dxc4 10. Nf3 b5 11. Rc1 Be7 12. Be2 Bb7 13. O-O O-O 14. b3 cxb3
15. Qxb3 Qxa3 16. Qc2 Qa5 17. Ra1 Qb6 18. Rfb1 a6 19. Na4 Qc7 20. Nc5 Nxc5 21.
dxc5 Rfd8 22. Bd3 Bxc5 23. Bxh7+ Kh8 24. Qxc5 Kxh7 25. Qh5+ Kg8 26. Ng5 g6 27.
Qh7+ Kf8 28. Nxe6+ Ke7 29. Nxc7 1-0

[Event "VI Weekend U16"]
[Site "Porto Sant'Elpidio ITA"]
[Date "2003.11.16"]
[Round "3"]
[White "Rubini, Matteo"]
[Black "Ivaldi, Matteo"]
[Result "1-0"]
[WhiteElo "1543"]
[BlackElo "1519"]
[PlyCount "144"]
[EventDate "2003.11.15"]

1. d4 d5 2. c4 dxc4 3. Nc3 Nc6 4. e3 b6 5. Bxc4 Bb7 6. Qa4 a6 7. Qb3 e6 8. Bf1
Nf6 9. Nf3 Bd6 10. Be2 O-O 11. O-O Ng4 12. h3 Na5 13. Qc2 Bxf3 14. Bxf3 Nh2 15.
Bxa8 Nxf1 16. Be4 f5 17. Bf3 Nh2 18. Be2 Qh4 19. Bd2 Ng4 20. Be1 b5 21. Qd1 Nh6
22. f4 Qf6 23. Nxb5 axb5 24. Bxa5 c6 25. Rc1 Ra8 26. Qd2 Qf8 27. Rxc6 b4 28.
Ba6 Nf7 29. Qc2 Be7 30. e4 g6 31. Qc4 fxe4 32. Qxe6 Kg7 33. Qxe4 Nd8 34. Bxd8
Bxd8 35. Bc4 Bf6 36. b3 Rxa2 37. Rc7+ Kh8 38. d5 Ra1+ 39. Kh2 Bd8 40. Rc8 Kg7
41. Rb8 Kh6 42. Bd3 Qf6 43. Rxb4 Bc7 44. Rd4 Bb6 45. Rc4 Ra3 46. Rc6 Qg7 47.
Rxb6 Ra8 48. f5 Rg8 49. Qf4+ Kh5 50. fxg6 hxg6 51. Bxg6+ Qxg6 52. Rxg6 Rxg6 53.
d6 Rg7 54. Qe5+ Rg5 55. Qxg5+ Kxg5 56. d7 Kf4 57. d8=Q Ke4 58. b4 Ke5 59. b5
Ke6 60. b6 Ke5 61. b7 Ke6 62. h4 Ke5 63. h5 Ke6 64. h6 Ke5 65. h7 Ke4 66. g4
Kf4 67. g5 Kf5 68. b8=Q Ke4 69. g6 Ke3 70. g7 Ke4 71. h8=Q Kf5 72. g8=Q Ke4 1-0

[Event "VI Weekend U16"]
[Site "Porto Sant'Elpidio ITA"]
[Date "2003.11.22"]
[Round "4"]
[White "Cavatassi, Alessio"]
[Black "Rubini, Matteo"]
[Result "1-0"]
[WhiteElo "1549"]
[BlackElo "1543"]
[PlyCount "109"]
[EventDate "2003.11.15"]

1. d4 e6 2. c4 d5 3. cxd5 exd5 4. Nc3 Nf6 5. Bg5 Be7 6. Nf3 O-O 7. e3 b6 8. Bd3
Bb7 9. O-O Ne4 10. Bxe7 Qxe7 11. Qc2 Nd7 12. Qb3 Nxc3 13. Qxc3 Rac8 14. Rac1 c5
15. Qa3 a5 16. Bf5 Rfd8 17. dxc5 Rxc5 18. Rxc5 Qxc5 19. Qd3 h6 20. Qb1 Nf6 21.
Rc1 Qe7 22. Nd4 Qe8 23. Rc7 Rb8 24. Rxf7 Bc8 25. Bg6 Qa4 26. h3 Bd7 27. Nf5
Bxf5 28. Qxf5 Qc6 29. Ra7 Kf8 30. Qe5 Rc8 31. Rf7+ Kg8 32. Qe7 Qc1+ 33. Kh2
Qc7+ 34. Qxc7 Rxc7 35. Rxc7 Kf8 36. Rf7+ Kg8 37. Rxf6 gxf6 38. Kg3 Kg7 39. Bd3
Kf7 40. Kf4 Ke6 41. a4 Kf7 42. Kf5 h5 43. g4 hxg4 44. hxg4 Kg7 45. Ke6 Kh6 46.
Kxd5 Kg5 47. f3 Kh4 48. Ke6 Kg3 49. Kxf6 Kxf3 50. g5 Kxe3 51. g6 Kxd3 52. g7
Kc2 53. g8=Q Kxb2 54. Qg3 Kc2 55. Ke5 1-0

[Event "VI Weekend U16"]
[Site "Porto Sant'Elpidio ITA"]
[Date "2003.11.22"]
[Round "4"]
[White "Gasparroni, Daniele"]
[Black "Francalancia, Mariachiara"]
[Result "1-0"]
[WhiteElo "1645"]
[BlackElo "1443"]
[PlyCount "113"]
[EventDate "2003.11.15"]

1. e4 d6 2. d4 Nf6 3. Nc3 g6 4. Bc4 Bg7 5. Be3 O-O 6. Qd2 Nc6 7. f3 a6 8. Nd5
b5 9. Nxf6+ Bxf6 10. Bd5 Bb7 11. Qc3 Qd7 12. O-O-O e6 13. Bxc6 Bxc6 14. g4 Rfb8
15. h4 b4 16. Qe1 a5 17. g5 Bg7 18. h5 a4 19. hxg6 fxg6 20. Rd2 b3 21. a3 bxc2
22. Rxc2 e5 23. Qc3 Rb6 24. d5 Bb5 25. Bxb6 cxb6 26. Qc7 Qxc7 27. Rxc7 Ba6 28.
Rh2 Rf8 29. Rhc2 h5 30. Ra7 Bb5 31. Rcc7 Bh8 32. Kd2 Be8 33. Ke3 Bf7 34. Rd7
Bg7 35. Rxd6 Re8 36. Rxb6 Rf8 37. d6 Rd8 38. d7 Bf8 39. Rc6 Be7 40. Rc8 Be6 41.
Rxd8+ Bxd8 42. Ra8 Bxd7 43. Rxd8+ Kg7 44. Rxd7+ Kf8 45. f4 exf4+ 46. Kxf4 Ke8
47. Rh7 Kf8 48. Ke5 Kg8 49. Rd7 Kf8 50. Kd6 Ke8 51. Rb7 Kf8 52. Ke6 Kg8 53. Kf6
h4 54. e5 h3 55. e6 h2 56. e7 hxg1=Q 57. e8=Q# 1-0

[Event "VI Weekend U16"]
[Site "Porto Sant'Elpidio ITA"]
[Date "2003.11.22"]
[Round "4"]
[White "Gianfelici, Edoardo"]
[Black "Rastelli, Riccardo"]
[Result "1-0"]
[WhiteElo "1606"]
[BlackElo "1609"]
[PlyCount "143"]
[EventDate "2003.11.15"]

1. e4 c5 2. Nf3 Nc6 3. d4 cxd4 4. Nxd4 e6 5. Nb5 a6 6. Nd6+ Bxd6 7. Qxd6 Nge7
8. Be2 O-O 9. O-O f5 10. Nc3 fxe4 11. Bg5 Qe8 12. Bxe7 Nxe7 13. Nxe4 Nf5 14.
Qe5 d5 15. Nd6 Nxd6 16. Qxd6 Qc6 17. Qxc6 bxc6 18. f4 e5 19. fxe5 Re8 20. Bd3
Rxe5 21. Rae1 Re6 22. Rxe6 Bxe6 23. Re1 Bf7 24. Re7 g6 25. Rc7 Be8 26. b3 h5
27. a4 a5 28. Kf2 d4 29. Kf3 g5 30. Be4 Ra6 31. Rc8 Kf7 32. Rd8 c5 33. Rc8 g4+
34. Kg3 Ke7 35. Rxc5 Bf7 36. Bd3 Rb6 37. Rb5 Re6 38. Rxa5 Re3+ 39. Kf2 Bxb3 40.
cxb3 Rxd3 41. b4 Rb3 42. b5 h4 43. Ra7+ Ke6 44. Rg7 g3+ 45. hxg3 hxg3+ 46. Ke2
Ra3 47. Ra7 Kd6 48. b6 Kc6 49. a5 Rb3 50. Rc7+ Kd6 51. Rg7 Kc6 52. b7 Re3+ 53.
Kd2 Re8 54. a6 Kb6 55. Rg6+ Ka7 56. Kd3 Rd8 57. Kd2 d3 58. Rc6 Kb8 59. Rc8+
Rxc8 60. bxc8=R+ Kxc8 61. Kxd3 Kc7 62. Ke3 Kb6 63. Kf3 Kxa6 64. Kxg3 Kb6 65.
Kh4 Kc6 66. Kh5 Kd5 67. g4 Ke6 68. Kh6 Kf7 69. g5 Kg8 70. Kg6 Kf8 71. Kh7 Kf7
72. g6+ 1-0

[Event "VI Weekend U16"]
[Site "Porto Sant'Elpidio ITA"]
[Date "2003.11.22"]
[Round "4"]
[White "Ramaioli, Nicolas"]
[Black "Gasparroni, Riccardo"]
[Result "0-1"]
[WhiteElo "1500"]
[BlackElo "1614"]
[PlyCount "44"]
[EventDate "2003.11.15"]

1. e4 b6 2. d4 Bb7 3. Nc3 Nf6 4. e5 Nd5 5. Nxd5 Bxd5 6. f4 d6 7. c4 Bb7 8. Nf3
dxe5 9. Nxe5 e6 10. a3 Bd6 11. Be3 O-O 12. Bd3 Bxg2 13. Rg1 Qh4+ 14. Kd2 Bxe5
15. Rxg2 Bxf4 16. Bxf4 Qxf4+ 17. Kc3 Nc6 18. Qg1 g6 19. Rg4 Qd6 20. Bxg6 fxg6
21. Rxg6+ Kh8 22. Rh6 Rf3+ 0-1

[Event "VI Weekend U16"]
[Site "Porto Sant'Elpidio ITA"]
[Date "2003.11.23"]
[Round "5"]
[White "Francalancia, Mariachiara"]
[Black "Cavatassi, Alessio"]
[Result "0-1"]
[WhiteElo "1443"]
[BlackElo "1549"]
[PlyCount "82"]
[EventDate "2003.11.15"]

1. e4 e6 2. d4 d5 3. e5 c5 4. c3 Nc6 5. Be3 Qb6 6. b3 cxd4 7. cxd4 Bb4+ 8. Nd2
Bc3 9. Rc1 Bxd4 10. Bxd4 Nxd4 11. Ngf3 Nxf3+ 12. Nxf3 Qa5+ 13. Qd2 Qxd2+ 14.
Nxd2 Bd7 15. Be2 Ne7 16. O-O Ng6 17. Nf3 O-O 18. Rc7 Bc6 19. b4 Nf4 20. Bd1 a5
21. a3 axb4 22. axb4 Bb5 23. Re1 Nd3 24. Re3 Ra1 25. h3 Rxd1+ 26. Kh2 Ba6 27.
b5 Bxb5 28. Rxb7 Bc4 29. Ng5 h6 30. Nf3 Nxf2 31. Re1 Rxe1 32. Nxe1 Nd3 33. Nc2
Nxe5 34. Nb4 Ra8 35. Rc7 Rb8 36. Nc2 Rb2 37. Na3 Bf1 38. Kg1 Bxg2 39. Rc8+ Kh7
40. h4 Rd2 41. Nb5 Nf3# 0-1

[Event "VI Weekend U16"]
[Site "Porto Sant'Elpidio ITA"]
[Date "2003.11.23"]
[Round "5"]
[White "Gasparroni, Riccardo"]
[Black "Ivaldi, Matteo"]
[Result "1-0"]
[WhiteElo "1614"]
[BlackElo "1519"]
[PlyCount "69"]
[EventDate "2003.11.15"]

1. e4 e5 2. d4 exd4 3. c3 dxc3 4. Bc4 cxb2 5. Bxb2 Nc6 6. Nc3 Bb4 7. Nf3 Qe7 8.
O-O Nf6 9. e5 Bxc3 10. Bxc3 Ne4 11. Bb2 Qb4 12. Qc2 f5 13. Rad1 g6 14. Rfe1 Rf8
15. a3 Qe7 16. Bd5 Nc5 17. e6 Nxe6 18. Rxe6 dxe6 19. Bxc6+ Kf7 20. Bxb7 Bxb7
21. Rd7 Qxd7 22. Ne5+ Ke7 23. Nxd7 Kxd7 24. Be5 c6 25. Qc5 Rfd8 26. Qd6+ Ke8
27. Qxe6+ Kf8 28. h3 Rd1+ 29. Kh2 Rad8 30. Qf6+ Ke8 31. Qh8+ Kd7 32. Qg7+ Ke6
33. Qf6+ Kd7 34. Qf7+ Kc8 35. Qc7# 1-0

[Event "VI Weekend U16"]
[Site "Porto Sant'Elpidio ITA"]
[Date "2003.11.23"]
[Round "5"]
[White "Rastelli, Riccardo"]
[Black "Ramaioli, Nicolas"]
[Result "1-0"]
[WhiteElo "1609"]
[BlackElo "1500"]
[PlyCount "85"]
[EventDate "2003.11.15"]

1. d4 d5 2. c4 dxc4 3. Nc3 e6 4. e4 Bb4 5. Bxc4 Nc6 6. d5 exd5 7. exd5 Qe7+ 8.
Nge2 Bxc3+ 9. bxc3 Ne5 10. Bb3 Nf6 11. O-O O-O 12. Qc2 Qd6 13. Rd1 Neg4 14. Bf4
Qb6 15. Ng3 Rd8 16. c4 Qc5 17. Qb2 h5 18. h3 h4 19. Nf1 Nh5 20. Bg5 Ngf6 21.
Bxh4 Re8 22. Ne3 Rxe3 23. fxe3 Qxe3+ 24. Qf2 Qxf2+ 25. Bxf2 Ne4 26. Be1 b6 27.
Rd4 Neg3 28. Bxg3 Nxg3 29. Re1 Bd7 30. Kf2 Nf5 31. Rde4 Kf8 32. Bc2 Nd6 33. Rh4
Kg8 34. Bh7+ Kf8 35. Bd3 Kg8 36. Rf4 Re8 37. Rxe8+ Nxe8 38. Re4 a5 39. g4 c6
40. Re7 Nf6 41. g5 cxd5 42. gxf6 Bxh3 43. Re8# 1-0

[Event "VI Weekend U16"]
[Site "Porto Sant'Elpidio ITA"]
[Date "2003.11.23"]
[Round "5"]
[White "Rubini, Matteo"]
[Black "Gianfelici, Edoardo"]
[Result "0-1"]
[WhiteElo "1543"]
[BlackElo "1606"]
[PlyCount "94"]
[EventDate "2003.11.15"]

1. d4 c5 2. dxc5 e6 3. Nc3 Bxc5 4. Nf3 Nc6 5. e4 Nge7 6. Bc4 O-O 7. O-O a6 8.
a3 b5 9. Ba2 Bb7 10. Re1 Qb6 11. Be3 d6 12. Qe2 Bxe3 13. Qxe3 Qxe3 14. Rxe3 Na7
15. Rd1 Rad8 16. Red3 Nac8 17. Nd4 Nc6 18. Nxc6 Bxc6 19. f3 Rd7 20. Ne2 Bb7 21.
Nf4 Re7 22. c4 bxc4 23. Bxc4 Rd8 24. b4 Kh8 25. b5 axb5 26. Bxb5 Rc7 27. a4 Rc5
28. Ne2 d5 29. Nc1 Ne7 30. Nb3 Rc7 31. Na5 Rb8 32. h3 g6 33. Kh2 Kg7 34. Kg1
Ba8 35. exd5 Bxd5 36. Nb3 Nf5 37. Nd4 Nxd4 38. Rxd4 h5 39. Kh2 Rc2 40. R1d2 Rc5
41. R4d3 Ra8 42. Rd1 Ra5 43. R1d2 Kf6 44. Kg3 Bc4 45. Rc3 Rg5+ 46. Kf2 Bxb5 47.
axb5 Rgxb5 0-1

[Event "VI Weekend U16"]
[Site "Porto Sant'Elpidio ITA"]
[Date "2003.11.23"]
[Round "6"]
[White "Ivaldi, Matteo"]
[Black "Cavatassi, Alessio"]
[Result "1-0"]
[WhiteElo "1519"]
[BlackElo "1549"]
[PlyCount "145"]
[EventDate "2003.11.15"]

1. d4 e6 2. e4 d5 3. e5 c5 4. c3 Nc6 5. Be3 Qb6 6. Qc2 cxd4 7. cxd4 Bd7 8. Nf3
Rc8 9. Nc3 Bb4 10. Rb1 Qa5 11. a3 Bxc3+ 12. Qxc3 Qb6 13. Qd2 Nge7 14. Bd3 Na5
15. Bc2 Nc4 16. Qc1 Nxe3 17. fxe3 Qc7 18. Kd2 O-O 19. Rf1 Qb6 20. b3 Qc7 21.
Rb2 Qc3+ 22. Kd1 Nf5 23. Re1 Bb5 24. g4 Ne7 25. Qd2 Ng6 26. Ra2 Qc7 27. h4 f6
28. h5 Ne7 29. exf6 Rxf6 30. Ne5 Rcf8 31. Qg2 Rf2 32. Bxh7+ Kxh7 33. Rxf2 Rxf2
34. Qxf2 Qc3 35. Qc2+ Qxc2+ 36. Kxc2 Ng8 37. Kc3 Nf6 38. Kb4 Ba6 39. a4 Ne4 40.
Nd7 Nf2 41. Nc5 b6 42. Nxa6 Nd3+ 43. Kb5 Nxe1 44. Nc7 Nc2 45. Nxe6 Nxe3 46. Kc6
Nxg4 47. Kxd5 Nf6+ 48. Kc6 Nxh5 49. d5 Nf6 50. d6 Kh6 51. d7 Nxd7 52. Kxd7 g5
53. Nxg5 Kxg5 54. Kc7 Kf6 55. Kb7 a5 56. Kxb6 Ke7 57. Kxa5 Kd7 58. Kb6 Kc8 59.
a5 Kb8 60. b4 Ka8 61. a6 Kb8 62. b5 Ka8 63. Kc7 Ka7 64. b6+ Kxa6 65. b7 Ka5 66.
b8=R Ka4 67. Kc6 Ka5 68. Kc5 Ka4 69. Rb7 Ka3 70. Kc4 Ka2 71. Kc3 Ka1 72. Kc2
Ka2 73. Ra7# 1-0

[Event "VI Weekend U16"]
[Site "Porto Sant'Elpidio ITA"]
[Date "2003.11.23"]
[Round "6"]
[White "Ramaioli, Nicolas"]
[Black "Rubini, Matteo"]
[Result "0-1"]
[WhiteElo "1500"]
[BlackElo "1543"]
[PlyCount "78"]
[EventDate "2003.11.15"]

1. e4 e6 2. d4 d5 3. e5 c5 4. Nf3 Nc6 5. c3 Qb6 6. Nbd2 Bd7 7. Be2 cxd4 8. cxd4
Nxd4 9. Nxd4 Qxd4 10. Nf3 Bb4+ 11. Kf1 Qxd1+ 12. Bxd1 Rc8 13. a3 Ba5 14. b4 Bb6
15. Be2 Ne7 16. Bg5 Nc6 17. Bb5 a6 18. Bxc6 Rxc6 19. g3 O-O 20. Be7 Re8 21. Bd6
Bc7 22. Bc5 Bb6 23. Bd4 Rec8 24. Kg2 Bd8 25. Rhe1 b5 26. Bc5 Bb6 27. Bxb6 Rxb6
28. Rac1 Rbc6 29. Rxc6 Rxc6 30. Nd4 Rc3 31. Ra1 f6 32. f4 Kf7 33. Kf2 Bc6 34.
Ne2 Rc4 35. Rc1 Ke7 36. Kf3 Kd7 37. Kf2 fxe5 38. fxe5 Re4 39. Kg2 Rxe2+ 0-1